| 000 | 01544nam0a22003371 4500 | ||
|---|---|---|---|
| 001 | rc\3581822 | ||
| 005 | 20260406203602.0 | ||
| 021 |
_aRU _b[74-33625] |
||
| 035 | _a(NLR Aleph) 007804692 | ||
| 090 |
_a7694118 _c7694118 |
||
| 100 | _a20130115g19731974|||y0rusy50 ca | ||
| 101 | 0 |
_arus _akaz |
|
| 102 | _aRU | ||
| 105 | _ay a ||||| | ||
| 200 | 1 |
_aПисатели Центрального Казахстана _eМетод.-библиогр. материалы _fКараганд. обл. упр. культуры. Караганд. обл. б-ка им. Н.В. Гоголя |
|
| 210 |
_aКараганда _cБ. и. _d1973 [вып. дан. 1974] |
||
| 215 |
_a92 с. _d20 |
||
| 300 | _aНа обороте тит. л. сост.: С. Чуманова, Л. Суворова, М. Зейтинова | ||
| 300 | _aЧасть текста на каз. яз. | ||
| 606 |
_aБиблиотеки _xРабота с художественной литературой _2psbo |
||
| 606 |
_aКазахская советская литература _jМатериалы для библиотек _2psbo |
||
| 702 | 1 |
_aСуворова _bЛ. _4220 |
|
| 702 | 1 |
_aЧуманова _bС. _4220 |
|
| 702 | 1 |
_aЗейтинова _bМ. _4220 |
|
| 712 | 0 | 2 |
_aКарагандинская областная универсальная научная библиотека им. Н. В. Гоголя _9423868 _3RU\NLR\AUTH\889963812 |
| 801 | 0 |
_aRU _bNLR _gpsbo |
|
| 801 | 1 |
_aRU _bELAR _2rusmarc |
|
| 852 |
_aNLR _bОНЛ |
||
| 942 | _cBOOK | ||
| 980 | _aNB | ||